Memorandum to the education committion (Record no. 494349)

000 -LEADER
fixed length control field 00353cam a22001097a 4500
008 - FIXED-LENGTH DATA ELEMENTS--GENERAL INFORMATION
fixed length control field 180718b1965 xxu||||| |||| 00| 0 eng d
082 ## - DEWEY DECIMAL CLASSIFICATION NUMBER
Classification number Px5421 Ut8
245 ## - TITLE STATEMENT
Title Memorandum to the education committion
Statement of responsibility, etc. by Education Department
260 ## - PUBLICATION, DISTRIBUTION, ETC.
Place of publication, distribution, etc. Allahabad
Name of publisher, distributor, etc. Suprintendent, Printing and Stationery
Date of publication, distribution, etc. 1965
300 ## - PHYSICAL DESCRIPTION
Extent 37p.
700 ## - ADDED ENTRY--PERSONAL NAME
Personal name India. Education Department
Holdings
Withdrawn status Lost status Damaged status Not for loan Permanent Location Current Location Date acquired Full call number Barcode Date last seen Price effective from Koha item type
        Indian Institute of Public Administration Indian Institute of Public Administration 2018-08-04 Px5421 Ut8 GG3941 2018-08-04 2018-08-04 GG

Powered by Koha